000 00410nam a2200169Ia 4500
003 0100
008 130303s9999 xx 000 0 und d
040 _cARRUPELIB
050 _aBS1505.2.N311955
100 _aNeher, Andre
245 _aL'Essence du Prophetisme
260 _aBoulevard Saint Germain, Paris
260 _bPresses Universitaires de France
260 _C1955
300 _a359p
942 0 0 _01
999 _c52257
_d52257